[Event "FIDE World Bl Team Pool A"]
[Site "London ENG"]
[Date "2025.06.14"]
[Round "8.4"]
[White "Nomin-Erdene, Davaademberel"]
[Black "Reprintsev, Alexander"]
[Result "0-1"]
[WhiteTitle "IM"]
[BlackTitle "IM"]
[WhiteElo "2293"]
[BlackElo "2256"]
[WhiteTeam "The MongolZ"]
[BlackTeam "Global Ramblers"]
[WhiteFideId "4900782"]
[BlackFideId "14100541"]
[EventDate "2025.06.14"]
[EventType "team"]

1. e4 d5 2. exd5 Qxd5 3. Nc3 Qa5 4. d4 Nf6 5. Nf3 Nc6 6. Bb5 Ne4 7. Qd3 Nxc3 8.
bxc3 a6 9. Bxc6+ bxc6 10. O-O Bf5 11. Qc4 Qb5 12. Qb3 e6 13. Ne5 Bd6 14. a4 Qxb3
15. cxb3 c5 16. Nf3 O-O 17. dxc5 Bxc5 18. b4 Bd6 19. Be3 Rfd8 20. Nd4 Be4 21.
Rfc1 c5 22. bxc5 Bxc5 23. Kf1 Rac8 24. Ke2 h6 25. Ra2 Bd5 26. Raa1 Bc4+ 27. Ke1
e5 28. Nf5 Bf8 29. Rd1 Rxd1+ 30. Kxd1 Be6 31. Ng3 Rxc3 32. a5 f5 33. Bb6 Bd5 34.
f3 Bb3+ 35. Kd2 Rc2+ 36. Kd3 Rxg2 37. Nxf5 Bc2+ 38. Ke3 Bxf5 39. h4 Be7 40. Rc1
Bxh4 41. Rc7 Bg5+ 42. f4 Bxf4+ 43. Kf3 Rg3+ 44. Kf2 Ra3 45. Ra7 Bd3 46. Kf3 Kh7
47. Bd8 Bg5 48. Bc7 e4+ 49. Kg4 Bf6 50. Kf4 Ra1 51. Bb6 Rf1+ 52. Ke3 Rf3+ 53.
Kd2 Bb5 54. Rc7 Bg5+ 55. Kc2 Ba4+ 56. Kb2 Bf6+ 57. Ka2 e3 0-1

[Event "FIDE World Bl Team Pool A"]
[Site "London ENG"]
[Date "2025.06.14"]
[Round "8.5"]
[White "Badelka, Olga"]
[Black "Ulziikhishig Khishigbat"]
[Result "1-0"]
[WhiteTitle "IM"]
[BlackTitle "FM"]
[WhiteElo "2424"]
[BlackElo "2266"]
[WhiteTeam "Global Ramblers"]
[BlackTeam "The MongolZ"]
[WhiteFideId "13509926"]
[BlackFideId "4908120"]
[EventDate "2025.06.14"]
[EventType "team"]

1. d4 Nf6 2. Nf3 e6 3. e3 d5 4. Bd3 c5 5. b3 Nc6 6. Bb2 cxd4 7. exd4 g6 8. O-O
Bg7 9. Nbd2 O-O 10. a3 b6 11. Re1 Bb7 12. Qe2 Rc8 13. Rad1 Qc7 14. Nf1 Rfe8 15.
Ng3 h5 16. h3 a5 17. Bc1 h4 18. Nf1 Ne4 19. Bb2 Ne7 20. Nxh4 Nc3 21. Bxc3 Qxc3
22. Nf3 Nc6 23. Ng3 Nxd4 24. Nxd4 Bxd4 25. h4 Bg7 26. h5 g5 27. Qg4 Qf6 28. Re2
Qf4 29. Qh3 g4 30. Qh4 Bf6 31. Qh2 e5 32. Bf5 Rcd8 33. h6 Kh8 34. h7 Bg7 35. Qh5
Bc8 36. Bxc8 Rxc8 37. Nf5 Bf6 38. Nh6 Kg7 39. Nxg4 Qg5 40. Nxf6 Qxf6 41. Rd3 e4
42. Rg3+ Kh8 43. c4 Re5 44. Qh3 Rd8 45. cxd5 Rdxd5 46. Rg8# 1-0

[Event "FIDE World Bl Team Pool A"]
[Site "London ENG"]
[Date "2025.06.14"]
[Round "8.6"]
[White "Araya Fuentes, Cristian"]
[Black "Volkov, Leonid"]
[Result "0-1"]
[WhiteElo "1921"]
[BlackElo "1828"]
[WhiteTeam "The MongolZ"]
[BlackTeam "Global Ramblers"]
[WhiteFideId "6502946"]
[BlackFideId "12848140"]
[EventDate "2025.06.14"]
[EventType "team"]

1. e4 e5 2. Nf3 Nc6 3. c3 Nf6 4. d4 exd4 5. e5 Qe7 6. cxd4 d6 7. Bb5 dxe5 8.
Nxe5 Bd7 9. O-O Nxe5 10. dxe5 Bxb5 11. exf6 Qxf6 12. Re1+ Be7 13. Nc3 Bc6 14.
Be3 O-O 15. Bd4 Qg5 16. f3 Bb4 17. Re5 Qg6 18. Qd2 h6 19. a3 Bd6 20. Re2 Bxf3
21. Rf2 Bc6 22. b4 a6 23. Raf1 Rad8 24. Rf6 gxf6 25. Rxf6 Bxh2+ 26. Kxh2 Qxf6
27. Qe2 Rxd4 28. g3 Rfd8 0-1

[Event "FIDE World Bl Team Pool A"]
[Site "London ENG"]
[Date "2025.06.14"]
[Round "8.1"]
[White "Verbytski, Oleg"]
[Black "Oro, Faustino"]
[Result "0-1"]
[BlackTitle "IM"]
[WhiteElo "1994"]
[BlackElo "2465"]
[WhiteTeam "Chess Trust Accelerators"]
[BlackTeam "Turkish Airlines Sports Club"]
[WhiteFideId "495506"]
[BlackFideId "20000197"]
[EventDate "2025.06.14"]
[EventType "team"]

1. e4 e5 2. Nf3 Nc6 3. Bc4 Bc5 4. O-O Nf6 5. d4 exd4 6. e5 d5 7. exf6 dxc4 8.
Re1+ Be6 9. Ng5 Qd5 10. fxg7 Rg8 11. Nc3 Qf5 12. Nce4 Be7 13. Nxe6 fxe6 14. Bh6
Qg6 15. Qd2 O-O-O 16. Ng3 Bb4 17. Qg5 Bxe1 18. Rxe1 d3 19. cxd3 cxd3 20. Nh5 d2
21. Rd1 Qc2 22. Qg4 Ne5 23. Qxe6+ Kb8 24. Qb3 Qg6 25. Rxd2 Qb1+ 0-1

[Event "FIDE World Bl Team Pool A"]
[Site "London ENG"]
[Date "2025.06.14"]
[Round "8.2"]
[White "Ahmad, Khagan"]
[Black "Zhao, George"]
[Result "1-0"]
[WhiteTitle "IM"]
[BlackTitle "CM"]
[WhiteElo "2394"]
[BlackElo "2124"]
[WhiteTeam "Turkish Airlines Sports Club"]
[BlackTeam "Chess Trust Accelerators"]
[WhiteFideId "13431552"]
[BlackFideId "494607"]
[EventDate "2025.06.14"]
[EventType "team"]

1. d4 e6 2. c4 Nf6 3. Nf3 d5 4. Nc3 Be7 5. g4 Nxg4 6. Rg1 h5 7. h3 Nf6 8. Rxg7
Ng4 9. hxg4 Kf8 10. Rxf7+ Kxf7 11. Ne5+ Kg7 12. Qc2 Qe8 13. cxd5 Bf6 14. gxh5
Bxe5 15. h6+ Rxh6 16. Bxh6+ Kxh6 17. dxe5 exd5 18. Nxd5 Nc6 19. Nxc7 Qxe5 20.
Nxa8 Nd4 21. Qd2+ Kh7 22. O-O-O Qc5+ 23. Qc3 Qg5+ 24. f4 Qxf4+ 25. e3 Qf7 26.
Qxd4 Qxa2 27. Bd3+ Kg8 28. Rg1+ Bg4 29. Rxg4+ Kf7 30. Bc4+ 1-0

[Event "FIDE World Bl Team Pool A"]
[Site "London ENG"]
[Date "2025.06.14"]
[Round "8.3"]
[White "Jakhria, Kushal"]
[Black "Southcott-Moyers, Indy"]
[Result "0-1"]
[WhiteTitle "CM"]
[BlackTitle "FM"]
[WhiteElo "2011"]
[BlackElo "2289"]
[WhiteTeam "Chess Trust Accelerators"]
[BlackTeam "Turkish Airlines Sports Club"]
[WhiteFideId "497444"]
[BlackFideId "488542"]
[EventDate "2025.06.14"]
[EventType "team"]

1. d4 d5 2. c4 e6 3. Nf3 Nf6 4. g3 Nc6 5. Bg2 Bd6 6. O-O O-O 7. Nbd2 Ne4 8. Nxe4
dxe4 9. Ng5 f5 10. d5 h6 11. Nxe6 Bxe6 12. dxe6 Qe7 13. Qd5 Rad8 14. Qb5 Qxe6
15. Qxb7 Qxc4 16. b3 Qc3 17. Bb2 Qxb2 18. Qxc6 Qxe2 19. Rfe1 Qb2 20. Bf1 Kh8 21.
Qb5 f4 22. Rab1 Qf6 23. Re2 e3 24. fxe3 0-1

[Event "FIDE World Bl Team Pool A"]
[Site "London ENG"]
[Date "2025.06.14"]
[Round "8.4"]
[White "Lohia, Sohum"]
[Black "Dicen, Elis Denele"]
[Result "1-0"]
[WhiteTitle "FM"]
[BlackTitle "WFM"]
[WhiteElo "2364"]
[BlackElo "2136"]
[WhiteTeam "Turkish Airlines Sports Club"]
[BlackTeam "Chess Trust Accelerators"]
[WhiteFideId "5819369"]
[BlackFideId "462560"]
[EventDate "2025.06.14"]
[EventType "team"]

1. d4 d5 2. Nc3 Nf6 3. Nf3 Bf5 4. e3 e6 5. Ne5 Nbd7 6. g4 Bg6 7. h4 h6 8. Nxg6
fxg6 9. Bd3 Kf7 10. Qf3 Bb4 11. Bd2 c6 12. O-O-O Ke7 13. Bxg6 Rf8 14. Qg3 Qa5
15. g5 hxg5 16. hxg5 Ne8 17. Rh7 Rg8 18. e4 Nd6 19. exd5 exd5 20. Kb1 Nc4 21.
Bf5 Raf8 22. Qh3 Ndb6 23. Be6 Nxd2+ 24. Rxd2 Nc4 25. Re2 Kd8 26. Bxg8 Rxg8 27.
Qe6 Rf8 28. Rxg7 Nb6 29. Rg8 Rxg8 30. Qxg8+ Kc7 31. Qf7+ Nd7 32. Qf4+ Kb6 33.
Qf3 Ka6 34. g6 Nb6 35. g7 Nc4 36. Qd3 Bxc3 37. Qxc3 Qb5 38. g8=Q 1-0

[Event "FIDE World Bl Team Pool A"]
[Site "London ENG"]
[Date "2025.06.14"]
[Round "8.5"]
[White "Volovich, Julia"]
[Black "Lu, Miaoyi"]
[Result "0-1"]
[BlackTitle "IM"]
[WhiteElo "1945"]
[BlackElo "2452"]
[WhiteTeam "Chess Trust Accelerators"]
[BlackTeam "Turkish Airlines Sports Club"]
[WhiteFideId "447099"]
[BlackFideId "8618020"]
[EventDate "2025.06.14"]
[EventType "team"]

1. d4 Nf6 2. c4 e6 3. Nc3 Bb4 4. Qc2 O-O 5. a3 Bxc3+ 6. Qxc3 d5 7. Bg5 h6 8. Bh4
c5 9. dxc5 d4 10. Qf3 Nbd7 11. e3 e5 12. c6 bxc6 13. Qxc6 Rb8 14. Qd6 Rxb2 15.
O-O-O Rb6 16. Bxf6 gxf6 17. Qd5 Bb7 18. Qa5 Rb1+ 0-1

[Event "FIDE World Bl Team Pool A"]
[Site "London ENG"]
[Date "2025.06.14"]
[Round "8.6"]
[White "Yildiz, Ali Aras"]
[Black "Kendall, Arthur"]
[Result "1/2-1/2"]
[WhiteElo "2089"]
[BlackElo "1883"]
[WhiteTeam "Turkish Airlines Sports Club"]
[BlackTeam "Chess Trust Accelerators"]
[WhiteFideId "51619822"]
[BlackFideId "343410960"]
[EventDate "2025.06.14"]
[EventType "team"]

1. e4 e6 2. d4 d5 3. Nd2 Nf6 4. e5 Nfd7 5. Bd3 c5 6. c3 Nc6 7. Ne2 cxd4 8. cxd4
f6 9. exf6 Nxf6 10. Nf3 Bd6 11. O-O Qc7 12. Bg5 O-O 13. Bh4 Nh5 14. Qc2 h6 15.
Bg6 Rxf3 16. Bxh5 Rf8 17. Bg3 Bd7 18. Rad1 Bxg3 19. fxg3 e5 20. dxe5 Qxe5 21.
Bf3 Be6 22. Nf4 Nd4 23. Qd3 Nxf3+ 24. Rxf3 d4 25. Qxd4 Qxd4+ 26. Rxd4 Bxa2 27.
Rd7 b6 28. Re3 Rae8 29. Rxe8 Rxe8 30. Rxa7 Bc4 31. h3 b5 32. Nh5 Bf7 33. Nf4 g5
34. Nd3 Rd8 35. Ne5 Rd1+ 36. Kh2 Bc4 37. Nxc4 bxc4 38. Rc7 Rd2 39. Rxc4 Rxb2 40.
Rc8+ Kg7 41. Rc7+ Kg6 42. g4 Ra2 43. Rc6+ Kg7 44. Rc3 Rb2 45. Kg3 Rb4 46. Rf3
Rb2 47. Ra3 Rc2 48. Kf3 Rb2 49. Re3 Ra2 50. Re2 Ra3+ 51. Ke4 Ra5 52. Rd2 Kg6 53.
Rd6+ Kg7 54. Rd5 Ra2 55. Kf3 Ra3+ 56. Kf2 Ra2+ 57. Kg3 Ra3+ 58. Kh2 Rb3 59. Rf5
Ra3 60. Rf3 Ra2 61. Kg3 Rb2 62. Re3 Ra2 63. Rc3 Rb2 64. Rc7+ Kg6 65. Rc6+ Kg7
66. Re6 Rb3+ 67. Kf2 Rb2+ 68. Re2 Rb3 69. Re3 Rb2+ 70. Kf3 Rb4 71. Re7+ Kf6 72.
Re4 Rb3+ 73. Re3 Rb2 74. Re2 Rb3+ 75. Kf2 Ra3 76. g3 Ra4 77. Kf3 Rb4 78. Re3 Ra4
79. Rb3 Rc4 80. h4 Ra4 81. Rb6+ Kg7 82. Re6 Rb4 83. Re4 Rb3+ 84. Re3 Rb4 85. Re5
Kf6 86. Rf5+ Kg6 87. Ra5 Rc4 88. Kg2 Rxg4 89. Kh3 Rc4 90. hxg5 hxg5 1/2-1/2

[Event "FIDE World Bl Team Pool A"]
[Site "London ENG"]
[Date "2025.06.14"]
[Round "8.1"]
[White "Eren, Ataberk"]
[Black "Moussard, Jules"]
[Result "0-1"]
[WhiteTitle "IM"]
[BlackTitle "GM"]
[WhiteElo "2423"]
[BlackElo "2597"]
[WhiteTeam "Satranc Istanbul"]
[BlackTeam "Knight Dance"]
[WhiteFideId "6349765"]
[BlackFideId "642908"]
[EventDate "2025.06.14"]
[EventType "team"]

1. Nf3 d6 2. c4 e5 3. d3 f5 4. Nc3 Nf6 5. g3 Be7 6. Bg2 a5 7. a3 O-O 8. Rb1 Qe8
9. c5 Nc6 10. cxd6 cxd6 11. Bg5 Kh8 12. Nd2 Be6 13. Nc4 Rd8 14. Nb6 f4 15. Qa4
Ng4 16. Bxe7 Qxe7 17. Nbd5 Qf7 18. Rf1 Nxh2 19. Rh1 fxg3 20. f4 exf4 21. Kd2 f3
22. exf3 Bxd5 0-1

[Event "FIDE World Bl Team Pool A"]
[Site "London ENG"]
[Date "2025.06.14"]
[Round "8.2"]
[White "Dardha, Daniel"]
[Black "Makaraci, Tunahan"]
[Result "1-0"]
[WhiteTitle "GM"]
[BlackTitle "FM"]
[WhiteElo "2646"]
[BlackElo "2233"]
[WhiteTeam "Knight Dance"]
[BlackTeam "Satranc Istanbul"]
[WhiteFideId "240990"]
[BlackFideId "6356559"]
[EventDate "2025.06.14"]
[EventType "team"]

1. d4 d5 2. c4 e6 3. Nf3 Nf6 4. g3 c5 5. Bg2 Nc6 6. cxd5 exd5 7. O-O Be7 8. dxc5
Bxc5 9. a3 Ne4 10. Nfd2 f5 11. Nb3 Bb6 12. Nc3 Be6 13. Na4 d4 14. Nxb6 Qxb6 15.
Nd2 Nf6 16. b4 O-O 17. Qa4 Rad8 18. Bb2 Rfe8 19. Rac1 Bd5 20. Rfe1 Bxg2 21. Kxg2
a6 22. Qb3+ Kh8 23. Nf3 Ne4 24. Qd3 Rd5 25. e3 Red8 26. Nxd4 Ne5 27. Qc2 Qg6 28.
Red1 Ng4 29. Nf3 Qh5 30. Rxd5 1-0

[Event "FIDE World Bl Team Pool A"]
[Site "London ENG"]
[Date "2025.06.14"]
[Round "8.3"]
[White "Eken, Atakan"]
[Black "Maurizzi, Marc'Andria"]
[Result "0-1"]
[BlackTitle "GM"]
[WhiteElo "2010"]
[BlackElo "2607"]
[WhiteTeam "Satranc Istanbul"]
[BlackTeam "Knight Dance"]
[WhiteFideId "6375626"]
[BlackFideId "36083534"]
[EventDate "2025.06.14"]
[EventType "team"]

1. e4 c6 2. d4 d5 3. exd5 cxd5 4. Bd3 Nf6 5. Nf3 Nc6 6. Bf4 g6 7. c3 Bf5 8. O-O
e6 9. Re1 Bd6 10. Bxd6 Qxd6 11. Qe2 Bxd3 12. Qxd3 Ne4 13. Nbd2 f5 14. Nf1 O-O
15. N3d2 e5 16. f3 Nxd2 17. Qxd2 e4 18. Qh6 b5 19. fxe4 dxe4 20. Ng3 Rae8 21.
Rad1 Qd5 22. Qf4 Qxa2 23. Re2 Qb3 24. Rde1 a5 25. h4 Ne7 26. h5 Qe6 27. hxg6
hxg6 28. Qc7 Nd5 29. Qxa5 e3 30. Qxb5 f4 31. Nf1 f3 32. gxf3 Rxf3 33. Rg2 Nf4
34. Rh2 0-1

[Event "FIDE World Bl Team Pool A"]
[Site "London ENG"]
[Date "2025.06.14"]
[Round "8.4"]
[White "Roebers, Eline"]
[Black "Tahaoglu, Ugur Barkin"]
[Result "1-0"]
[WhiteTitle "IM"]
[WhiteElo "2356"]
[BlackElo "2015"]
[WhiteTeam "Knight Dance"]
[BlackTeam "Satranc Istanbul"]
[WhiteFideId "1058401"]
[BlackFideId "6303331"]
[EventDate "2025.06.14"]
[EventType "team"]

1. e4 e5 2. Nc3 Nc6 3. g3 Bc5 4. Bg2 d6 5. Nge2 Nge7 6. O-O a5 7. d3 Be6 8. h3
Qd7 9. Kh2 h5 10. f4 f6 11. Nd5 Nb4 12. Nxe7 Qxe7 13. c3 Na6 14. d4 Bb6 15. Be3
O-O-O 16. Qd2 exd4 17. Nxd4 Bd7 18. b4 axb4 19. cxb4 d5 20. b5 Nc5 21. exd5 h4
22. g4 Rhe8 23. Rfe1 Ne4 24. Qc2 Nd6 25. Bf2 Qf7 26. a4 g5 27. f5 Re5 28. Rxe5
fxe5 29. Ne6 Re8 30. Bxb6 1-0

[Event "FIDE World Bl Team Pool A"]
[Site "London ENG"]
[Date "2025.06.14"]
[Round "8.5"]
[White "Kalender, Murat Emre"]
[Black "Papadiamandis, Elliot"]
[Result "0-1"]
[BlackTitle "IM"]
[WhiteElo "1782"]
[BlackElo "2316"]
[WhiteTeam "Satranc Istanbul"]
[BlackTeam "Knight Dance"]
[WhiteFideId "34531815"]
[BlackFideId "36074160"]
[EventDate "2025.06.14"]
[EventType "team"]

1. d4 Nf6 2. Bf4 g6 3. Nc3 d5 4. e3 Bg7 5. h4 h6 6. Bd3 c5 7. Nb5 Na6 8. a4 O-O
9. Nf3 Bg4 10. Be2 Ne4 11. Ne5 Bxe2 12. Qxe2 Nb4 13. c3 Nc6 14. Nxc6 bxc6 15.
Nc7 e5 16. Bxe5 Bxe5 17. Nxa8 Bg7 18. dxc5 Qxa8 19. Rc1 Nxc5 20. g4 Qe8 21. h5
g5 22. O-O f5 23. gxf5 Rxf5 24. Qc2 Rf3 25. Qg6 Qd7 0-1

[Event "FIDE World Bl Team Pool A"]
[Site "London ENG"]
[Date "2025.06.14"]
[Round "8.6"]
[White "Phulpin, Theo"]
[Black "Demir, Aleyna"]
[Result "1-0"]
[WhiteElo "1773"]
[BlackElo "1651"]
[WhiteTeam "Knight Dance"]
[BlackTeam "Satranc Istanbul"]
[WhiteFideId "36001600"]
[BlackFideId "6378323"]
[EventDate "2025.06.14"]
[EventType "team"]

1. d4 Nf6 2. Bf4 d6 3. e3 h6 4. c3 Bf5 5. Bd3 Bxd3 6. Qxd3 Nh5 7. Bg3 Nxg3 8.
hxg3 Nd7 9. Nd2 e5 10. O-O-O Qf6 11. Ne4 Qe7 12. Nf3 O-O-O 13. g4 d5 14. Ng3 e4
15. Qb5 exf3 16. Qxd5 fxg2 17. Qxg2 Nb6 18. Nf5 Qe6 19. Kb1 Nc4 20. e4 Qb6 21.
f4 g6 22. Qe2 Ba3 23. b3 Na5 24. Nxh6 Rhf8 25. Qc2 Nc4 26. g5 Ne3 27. Qd2 Nxd1
28. Rxd1 a5 29. f5 gxf5 30. Nxf5 a4 31. b4 Qe6 32. Qd3 c5 33. d5 Qe5 34. Qc4 Qc7
35. d6 Qb6 36. Ne7+ Kb8 37. Nd5 Qa6 1-0

[Event "FIDE World Bl Team Pool A"]
[Site "London ENG"]
[Date "2025.06.14"]
[Round "8.1"]
[White "Hansen, Eric"]
[Black "Hong, Andrew"]
[Result "0-1"]
[WhiteTitle "GM"]
[BlackTitle "GM"]
[WhiteElo "2609"]
[BlackElo "2589"]
[WhiteTeam "ChessbrahTV"]
[BlackTeam "FIDE MB Team"]
[WhiteFideId "2606771"]
[BlackFideId "2099438"]
[EventDate "2025.06.14"]
[EventType "team"]

1. e4 e5 2. Nf3 Nc6 3. Bc4 Bc5 4. c3 Nf6 5. d3 d6 6. a4 a6 7. O-O Ba7 8. Re1 h6
9. b4 g5 10. Be3 Bxe3 11. fxe3 g4 12. Nfd2 Be6 13. Rf1 h5 14. Qb3 d5 15. exd5
Nxd5 16. Bxd5 Bxd5 17. c4 Be6 18. Qc3 Qg5 19. Re1 O-O 20. Ne4 Qg7 21. b5 axb5
22. axb5 Ne7 23. Nbd2 b6 24. Ra6 f5 25. Ng3 h4 26. Ne2 Rad8 27. d4 f4 28. d5 f3
29. Ne4 fxe2 30. dxe6 Rd1 0-1

[Event "FIDE World Bl Team Pool A"]
[Site "London ENG"]
[Date "2025.06.14"]
[Round "8.2"]
[White "Short, Nigel D"]
[Black "Ragnarsson, Dagur"]
[Result "1-0"]
[WhiteTitle "GM"]
[BlackTitle "IM"]
[WhiteElo "2587"]
[BlackElo "2349"]
[WhiteTeam "FIDE MB Team"]
[BlackTeam "ChessbrahTV"]
[WhiteFideId "400025"]
[BlackFideId "2304058"]
[EventDate "2025.06.14"]
[EventType "team"]

1. e4 e5 2. Nf3 Nf6 3. Nxe5 d6 4. Nf3 Nxe4 5. Qe2 Qe7 6. d3 Nf6 7. Bg5 Nbd7 8.
Nc3 h6 9. Be3 g6 10. O-O-O Bg7 11. Qd2 Ne5 12. Re1 Nxf3 13. gxf3 Be6 14. d4 d5
15. Bd3 O-O-O 16. Na4 Nd7 17. h4 Qd6 18. Kb1 Qc6 19. b3 Kb8 20. c3 h5 21. Bf4
Rde8 22. Re2 Nb6 23. Nc5 Bc8 24. Rhe1 Rxe2 25. Qxe2 Nd7 26. Bb5 Qf6 27. Nxd7+
Bxd7 28. Bxd7 1-0

[Event "FIDE World Bl Team Pool A"]
[Site "London ENG"]
[Date "2025.06.14"]
[Round "8.3"]
[White "Delaney, Killian"]
[Black "Bologan, Victor"]
[Result "0-1"]
[WhiteTitle "FM"]
[BlackTitle "GM"]
[WhiteElo "2275"]
[BlackElo "2601"]
[WhiteTeam "ChessbrahTV"]
[BlackTeam "FIDE MB Team"]
[WhiteFideId "2501570"]
[BlackFideId "13900048"]
[EventDate "2025.06.14"]
[EventType "team"]

1. e4 g6 2. d4 Bg7 3. Nc3 c6 4. Nf3 d6 5. Be3 Qb6 6. a3 Nf6 7. h3 O-O 8. Bd3
Nbd7 9. O-O Qc7 10. Bf4 e5 11. Bh2 Nh5 12. dxe5 dxe5 13. b4 a5 14. Qd2 b5 15.
Rab1 axb4 16. axb4 Nb6 17. Ne2 f5 18. exf5 Bxf5 19. Bxf5 Rxf5 20. Ng3 Nc4 21.
Qe2 Nf4 22. Qe4 Rff8 23. Ne2 Nd5 24. Rbd1 Nxb4 25. Nfd4 Rae8 26. c3 Nd6 27. Qh4 0-1

[Event "FIDE World Bl Team Pool A"]
[Site "London ENG"]
[Date "2025.06.14"]
[Round "8.4"]
[White "Al-Mudahka, Mohd"]
[Black "Vincent, Trevor"]
[Result "0-1"]
[WhiteTitle "GM"]
[WhiteElo "2542"]
[BlackElo "2226"]
[WhiteTeam "FIDE MB Team"]
[BlackTeam "ChessbrahTV"]
[WhiteFideId "12100030"]
[BlackFideId "2605600"]
[EventDate "2025.06.14"]
[EventType "team"]

1. e4 e5 2. Nf3 Nc6 3. Bb5 a6 4. Ba4 Nf6 5. O-O Be7 6. Bxc6 dxc6 7. Qe1 Nd7 8.
b3 O-O 9. Bb2 Bd6 10. a4 Re8 11. d3 Nf8 12. h3 Ng6 13. Nbd2 Nf4 14. Kh2 Qf6 15.
Qe3 Qh6 16. Ng1 Re6 17. Ne2 Rg6 18. Rg1 c5 19. Nf1 Be6 20. Nfg3 Bxh3 0-1

[Event "FIDE World Bl Team Pool A"]
[Site "London ENG"]
[Date "2025.06.14"]
[Round "8.5"]
[White "Garcia Martin, Marta"]
[Black "Zhu, Chen"]
[Result "0-1"]
[WhiteTitle "IM"]
[BlackTitle "GM"]
[WhiteElo "2339"]
[BlackElo "2423"]
[WhiteTeam "ChessbrahTV"]
[BlackTeam "FIDE MB Team"]
[WhiteFideId "32084030"]
[BlackFideId "8600546"]
[EventDate "2025.06.14"]
[EventType "team"]

1. e4 d6 2. d4 Nf6 3. Nc3 e5 4. Nf3 Nbd7 5. h3 c6 6. g4 h6 7. a4 b6 8. Bc4 exd4
9. Qxd4 Nc5 10. e5 Nh7 11. O-O d5 12. Nxd5 cxd5 13. Bxd5 Bb7 14. c4 Be7 15. e6
f6 16. Ra3 Ng5 17. Nxg5 hxg5 18. Rd1 Bxd5 19. cxd5 Qd6 20. b4 Na6 21. Qd3 Nxb4
22. Qg6+ Kd8 23. Bd2 Na6 24. Rd3 Nc5 25. Rc3 Nxa4 26. Rc6 Qe5 27. Bc3 Qe2 28.
Re1 Qf3 29. d6 Qxc6 30. dxe7+ Kc7 31. Bd4 Rhe8 32. Qxg7 Kb7 33. Bxf6 Nc5 34.
Bxg5 Nxe6 35. Qf6 Nc5 36. Qf7 Rac8 37. h4 Nd3 38. Re3 Nb4 39. Kh2 Nd5 40. Re6
Qc5 41. Kg2 Qd4 42. Qf5 Rc5 43. Re5 Nc7 44. Rxc5 Qxc5 45. Qd7 Qc6+ 46. Qxc6+
Kxc6 47. h5 a5 48. h6 Nd5 49. h7 Kd7 50. Bh6 Rh8 51. g5 Rxh7 52. Bf8 Nxe7 0-1

[Event "FIDE World Bl Team Pool A"]
[Site "London ENG"]
[Date "2025.06.14"]
[Round "8.6"]
[White "Zaiarski, Stepan"]
[Black "Grose, Kameron"]
[Result "1-0"]
[WhiteElo "1932"]
[BlackElo "1907"]
[WhiteTeam "FIDE MB Team"]
[BlackTeam "ChessbrahTV"]
[WhiteFideId "13907000"]
[BlackFideId "474010"]
[EventDate "2025.06.14"]
[EventType "team"]

1. d4 d5 2. c4 c6 3. g3 Nf6 4. Bg2 e6 5. Nf3 Nbd7 6. O-O Be7 7. Qc2 O-O 8. Nbd2
b6 9. e4 dxe4 10. Nxe4 Bb7 11. Nxf6+ Nxf6 12. Rd1 Bd6 13. c5 Bc7 14. Bg5 Qe7 15.
Ne5 bxc5 16. Bxf6 Qxf6 17. Nd7 Qe7 18. Nxf8 Qxf8 19. dxc5 Qe7 20. b4 a5 21. b5
Be5 22. bxc6 Ba6 23. Rd7 Qf6 24. Rad1 g6 25. c7 Rc8 26. Rd8+ Kg7 27. Rxc8 Bxc8
28. Rd8 Bxc7 29. Rxc8 Qa1+ 30. Bf1 Be5 31. c6 h5 32. c7 h4 33. Rg8+ Kxg8 34.
c8=Q+ Kg7 35. Q8c4 hxg3 36. hxg3 Bf6 37. Qc1 Qe5 38. Q1f4 Qa1 39. Qcc1 Qxa2 40.
Qh6+ Kg8 41. Qc8+ 1-0

[Event "FIDE World Bl Team Pool A"]
[Site "London ENG"]
[Date "2025.06.14"]
[Round "9.1"]
[White "Nepomniachtchi, Ian"]
[Black "Eilenberg, Jonas"]
[Result "1/2-1/2"]
[WhiteTitle "GM"]
[BlackTitle "FM"]
[WhiteElo "2757"]
[BlackElo "2316"]
[WhiteTeam "WR Chess Team"]
[BlackTeam "Berlin Lasker Legends"]
[WhiteFideId "4168119"]
[BlackFideId "16204271"]
[EventDate "2025.06.14"]
[EventType "team"]

1. e4 e5 2. f4 d5 3. exd5 exf4 4. Nf3 Nf6 5. Bb5+ c6 6. dxc6 Nxc6 7. Nc3 Be6 8.
b3 Bd6 9. Bb2 O-O 10. Bxc6 bxc6 11. Qe2 Re8 12. O-O Bxb3 13. Qa6 Bxc2 14. Kh1
Qb6 15. Qxb6 axb6 16. Nd4 Bd3 17. Rf3 Be4 18. Nxe4 Nxe4 19. Nf5 Be5 20. Bxe5
Rxe5 21. Rxf4 Nxd2 22. h4 Ne4 23. Kh2 Nf6 24. Rd1 Ng4+ 25. Rxg4 Rxf5 26. Rd6 Rc8
27. a4 g6 28. Rc4 Ra5 29. g3 Rca8 30. Rdxc6 Rxa4 31. Rxa4 Rxa4 32. Rxb6 h5 33.
Kg2 Ra3 34. Kf2 Kg7 1/2-1/2

[Event "FIDE World Bl Team Pool A"]
[Site "London ENG"]
[Date "2025.06.14"]
[Round "9.2"]
[White "Yatskar, Martin"]
[Black "Vachier-Lagrave, Maxime"]
[Result "0-1"]
[WhiteTitle "CM"]
[BlackTitle "GM"]
[WhiteElo "2225"]
[BlackElo "2736"]
[WhiteTeam "Berlin Lasker Legends"]
[BlackTeam "WR Chess Team"]
[WhiteFideId "34109676"]
[BlackFideId "623539"]
[EventDate "2025.06.14"]
[EventType "team"]

1. d4 Nf6 2. c4 e6 3. Nc3 d5 4. cxd5 exd5 5. Bg5 c6 6. e3 h6 7. Bh4 Be7 8. Bd3
O-O 9. Nge2 Ne8 10. Bg3 Nd6 11. O-O Re8 12. Qc2 a5 13. a3 Na6 14. Rae1 Nc7 15.
f3 Ne6 16. Bf2 Nc4 17. Bxc4 dxc4 18. Rd1 Nc7 19. e4 b5 20. Rfe1 Bd6 21. Bg3 Bb7
22. Kh1 Bxg3 23. Nxg3 Qg5 24. Qf2 Ne6 25. Nge2 b4 26. Na4 Rad8 27. e5 c5 28.
Nxc5 Nxc5 29. dxc5 Rxd1 30. Rxd1 Qxe5 31. Ng3 c3 32. bxc3 bxa3 33. Qd4 Qxd4 34.
cxd4 a2 35. Ne4 Bxe4 36. fxe4 Rb8 0-1